Fanbase Names Quiz Stats

 Plays Quiz not verified by Sporcle

Also try: 1-25 Logic Puzzle
Challenge
Share
Tweet
Embed
Score 0/30 Timer 03:00
0 Plays Today
% Correct
Beliebers
84.6%
Directioners
83.2%
Selenators
79.9%
Katycats
79%
Lovatics
76.8%
Swifties
76.6%
Jonatics
71.4%
BeyHive
67.7%
Little Monsters
58.9%
Smilers
56.5%
Barbz or Barbies
54.9%
Team Drizzy
51.1%
Rosebuds or Rosestuds
48.9%
Team Breezy
44.3%
Tamartians
43.1%
% Correct
Grobanites
42.2%
Animals
41.3%
Glamberts
41%
The Navy
38.7%
Dolls
37%
Victims
36.1%
Hooligans
32.6%
Lambs
31.9%
Killjoys
26.1%
Juggalo or Jugalette
25.3%
Black Stars
22.8%
Parrotheads
18.5%
Taylors
17.6%
The Blue Army
16.5%
Maggots
16.1%

You're not logged in!

Compare scores with friends on all Sporcle quizzes.
Join for Free
OR
Log In

You Might Also Like...

Show Comments

Extras

Top Quizzes Today


Score Distribution

Your Account Isn't Verified!

In order to create a playlist on Sporcle, you need to verify the email address you used during registration. Go to your Sporcle Settings to finish the process.

Report this User

Report this user for behavior that violates our Community Guidelines.

Details: